Borrador de un cuerpo intervenido.

Uloženo v:
Podrobná bibliografie
Hlavní autor: Casas Broda, Ana (curadora)
Další autoři: Volá, Gisela (curadora)
Médium: Kniha
Vydáno: Ciudad Autónoma de Buenos Aires, Argentina: Fundación Alfonso y Luz Castillo, 2018.
Vydání:1a. ed.
Témata:
Tagy: Přidat tag
Žádné tagy, Buďte první, kdo vytvoří štítek k tomuto záznamu!

MARC

LEADER 00000nam a22000007a 4500
003 CL-VaPUC
005 20250407202450.0
008 250317t2018 ||||| |||| 00| 0 eng d
999 |c 447394  |d 447392 
020 |a 978-987-46391-6-5 
040 |c Pontificia Universidad Católica de Valparaíso 
082 |a 779 CAS 2018 
100 |9 896955  |a Casas Broda, Ana  |e curadora 
245 |a Borrador de un cuerpo intervenido. 
250 |a 1a. ed. 
260 |a Ciudad Autónoma de Buenos Aires, Argentina:  |b Fundación Alfonso y Luz Castillo,  |c 2018. 
300 |a 115 páginas:  |b fotografías. 
500 |a c.1. Instituto Arcos.08-01-2025. 
583 |c 20250317  |k Gabriela Rodríguez Cuevas 
650 0 |9 269391  |a Fotografía artística  |x Cuerpos 
700 |9 892613  |a Volá, Gisela  |e curadora 
942 |2 ddc  |c BK  |n 0 
952 |0 0  |1 0  |2 ddc  |4 0  |6 779_000000000000000_CAS_2018  |7 0  |8 A  |9 601381  |a BIBINC  |b BIBINC  |d 2025-03-17  |e Instituto Arcos  |i 5666183  |l 1  |o 779 CAS 2018  |p 5666183  |r 2025-04-14  |s 2025-04-09  |t 1  |w 2025-03-17  |y BK  |k IFP